Names in UK history - Statistics

General Stats
  • This quiz has been taken 92 times
  • The average score is 9 of 12
Answer Stats
Hint Answer % Correct
Prime minister of the UK during World War 2 Winston Churchill
99%
Longest living English monarch until Queen Elizabeth II Queen Victoria
97%
Henry VIII's second wife Anne Boleyn
95%
Created the theory of evolution Charles Darwin
95%
Poet and playwright William Shakespeare
95%
Famous biologist and broadcaster on TV David Attenborough
82%
Decoded enigma codes in World War 2 Alan Turing
80%
Microbiologist who discovered antibiotics Alexander Fleming
78%
Famous suffragette who died of septicaemia Emmeline Pankhurst
57%
Designed the Box Tunnel and the Great Western Railway Isambard Kingdom Brunel
52%
First British explorer to reach the South Pole Robert Falcon Scott
46%
Invented the World Wide Web Tim Berners Lee
37%
No matching quizzes found
Score Distribution
Percent of People with Each Score
Percentile by Number Answered
Your Score History
You have not taken this quiz